[Event "Madrid 2023-2024ch - Previa B"]
[Site "Madrid ESP"]
[Date "2024.02.01"]
[Round "1.1"]
[White "Gutierrez Diaz, Pablo"]
[Black "Ortega Sanchez Montanez, Marcos"]
[Result "1-0"]
[WhiteElo "1928"]
[BlackElo "1511"]
[PlyCount "107"]
[EventDate "2024.02.01"]
[EventType "swiss"]
[EventRounds "9"]
[EventCountry "ESP"]
[SourceTitle "Ajedrez en Madrid"]
[Source "lmi"]
[SourceDate "2024.02.01"]
[SourceVersion "1"]
[SourceVersionDate "2024.02.25"]
[SourceQuality "1"]

1. e4 c6 2. d4 d5 3. exd5 cxd5 4. Bd3 Nf6 5. Bf4 Bg4 6. f3 Bh5 7. Ne2 Nc6 8.
O-O e6 9. Nd2 Bd6 10. c3 Bg6 11. Nb3 Bxd3 12. Qxd3 b6 13. a4 Bxf4 14. Nxf4 Qc7
15. Qe3 O-O 16. Nd3 Nd7 17. Rfe1 Rfe8 18. Ne5 Ncxe5 19. dxe5 Qc4 20. Nd4 a6 21.
h4 Qc5 22. f4 Qe7 23. Qg3 Nc5 24. Re3 Ne4 25. Qg4 Kh8 26. Rf1 g6 27. h5 gxh5
28. Qxh5 Rg8 29. Rh3 Rg7 30. f5 Qg5 31. Qxg5 Nxg5 32. Rg3 Re8 33. fxe6 Nxe6 34.
Rxg7 Kxg7 35. Nf5+ Kf8 36. Nd6 Re7 37. Nc8 Rb7 38. Rd1 Nc5 39. Rd4 a5 40. Kh2
Kg7 41. Kg3 Ne4+ 42. Kf4 Rb8 43. Ne7 Nc5 44. Nf5+ Kf8 45. Rxd5 Nxa4 46. Kg5
Nxb2 47. Kf6 a4 48. Rd7 Ra8 49. Rxf7+ Kg8 50. Rg7+ Kh8 51. Nh6 Rf8+ 52. Nf7+
Rxf7+ 53. Rxf7 h5 54. e6 1-0

[Event "Madrid 2023-2024ch - Previa B"]
[Site "Madrid ESP"]
[Date "2024.02.01"]
[Round "1.2"]
[White "Manas Carrete, Miguel Angel"]
[Black "Cardena Contreras, Javier"]
[Result "1/2-1/2"]
[WhiteElo "1500"]
[BlackElo "1882"]
[PlyCount "106"]
[EventDate "2024.02.01"]
[EventType "swiss"]
[EventRounds "9"]
[EventCountry "ESP"]
[SourceTitle "Ajedrez en Madrid"]
[Source "lmi"]
[SourceDate "2024.02.01"]
[SourceVersion "1"]
[SourceVersionDate "2024.02.25"]
[SourceQuality "1"]

1. d4 d5 2. Nf3 Nf6 3. c4 e6 4. Nc3 c5 5. cxd5 exd5 6. Bg5 Be7 7. dxc5 Qa5 8.
Qa4+ Qxa4 9. Nxa4 Be6 10. e3 O-O 11. Nd4 Nbd7 12. c6 bxc6 13. Nxc6 Bd6 14. Ba6
Ne4 15. Be7 Bxe7 16. Nxe7+ Kh8 17. Bb7 Rab8 18. Bxd5 Bxd5 19. Nxd5 Rb5 20. Nf4
Ne5 21. O-O g5 22. Ne2 Rfb8 23. b3 Rc8 24. Rac1 Rd8 25. Rfd1 Nd3 26. f3 Nef2
27. Rd2 Re8 28. Rf1 Rxe3 29. Rxf2 Nxf2 30. Kxf2 Re7 31. Nac3 Rbe5 32. Rd5 Kg7
33. Rxe5 Rxe5 34. f4 gxf4 35. Nxf4 Rc5 36. Nfd5 Kg6 37. Ke3 f5 38. Kf4 a5 39.
h3 h5 40. g4 fxg4 41. hxg4 h4 42. a3 Kf7 43. b4 axb4 44. axb4 Rc4+ 45. Kf3 h3
46. Kg3 h2 47. Kxh2 Rxg4 48. b5 Ke6 49. b6 Rg8 50. Nc7+ Kd6 51. N3d5 Kc6 52.
Ne7+ Kxb6 53. Nxg8 Kxc7 1/2-1/2

[Event "Madrid 2023-2024ch - Previa B"]
[Site "Madrid ESP"]
[Date "2024.02.01"]
[Round "1.3"]
[White "Pajuelo Morales, Raul"]
[Black "Mosteiro Montoro, Alvaro"]
[Result "1-0"]
[WhiteElo "1879"]
[BlackElo "1483"]
[PlyCount "83"]
[EventDate "2024.02.01"]
[EventType "swiss"]
[EventRounds "9"]
[EventCountry "ESP"]
[SourceTitle "Ajedrez en Madrid"]
[Source "lmi"]
[SourceDate "2024.02.01"]
[SourceVersion "1"]
[SourceVersionDate "2024.02.25"]
[SourceQuality "1"]

1. d4 d5 2. c4 c6 3. Nf3 Nf6 4. g3 g6 5. Bg2 Bg7 6. O-O O-O 7. Nc3 Re8 8. Qb3
dxc4 9. Qxc4 Be6 10. Qd3 Nd5 11. a3 Nb6 12. Bf4 Bc4 13. Qd2 Nd5 14. Bh6 Nd7 15.
Bxg7 Kxg7 16. Rfe1 e5 17. Nxe5 Nxe5 18. dxe5 Nb6 19. Qf4 Qe7 20. e4 Qxe5 21.
Qxe5+ Rxe5 22. f4 Re7 23. Rad1 Rd7 24. Rxd7 Nxd7 25. Rd1 Nb6 26. Rd4 Bb3 27.
Bf1 Be6 28. Kf2 Re8 29. b4 Re7 30. a4 Rd7 31. Ke3 f5 32. Rxd7+ Nxd7 33. e5 Nb6
34. Kd4 Kf7 35. a5 Nd7 36. Bg2 h6 37. a6 bxa6 38. Bxc6 Ke7 39. Bxd7 Kxd7 40.
Kc5 g5 41. Ne2 g4 42. Nd4 1-0

[Event "Madrid 2023-2024ch - Previa B"]
[Site "Madrid ESP"]
[Date "2024.02.01"]
[Round "1.4"]
[White "Pareja Cerrato, Antonio"]
[Black "Arce Balluerca, Oscar"]
[Result "0-1"]
[WhiteElo "1464"]
[BlackElo "1870"]
[PlyCount "68"]
[EventDate "2024.02.01"]
[EventType "swiss"]
[EventRounds "9"]
[EventCountry "ESP"]
[SourceTitle "Ajedrez en Madrid"]
[Source "lmi"]
[SourceDate "2024.02.01"]
[SourceVersion "1"]
[SourceVersionDate "2024.02.25"]
[SourceQuality "1"]

1. e4 Nf6 2. Nc3 d6 3. d4 g6 4. Nf3 Bg7 5. Bc4 O-O 6. h3 Nxe4 7. Nxe4 d5 8. Bd3
dxe4 9. Bxe4 c5 10. Be3 f5 11. Bd3 f4 12. Bc4+ Kh8 13. Bd2 cxd4 14. Ng5 e6 15.
Nf3 Nc6 16. O-O e5 17. Re1 Bf5 18. Nh2 Qh4 19. Nf3 Qh6 20. g4 e4 21. Nh2 e3 22.
fxe3 fxe3 23. Bxe3 dxe3 24. gxf5 gxf5 25. Qf3 Ne5 26. Qd5 Qxh3 27. Bf1 Qh6 28.
Qxb7 f4 29. Be2 Rg8 30. Ng4 Nxg4 31. Bxg4 Qh4 32. Be6 Be5+ 33. Bxg8 Rxg8+ 34.
Qg2 Qf2+ 0-1

[Event "Madrid 2023-2024ch - Previa B"]
[Site "Madrid ESP"]
[Date "2024.02.01"]
[Round "1.5"]
[White "Palomo Monserrat, Lorenzo"]
[Black "Huang, Liangpeng"]
[Result "1-0"]
[WhiteElo "1867"]
[BlackElo "1455"]
[PlyCount "57"]
[EventDate "2024.02.01"]
[EventType "swiss"]
[EventRounds "9"]
[EventCountry "ESP"]
[SourceTitle "Ajedrez en Madrid"]
[Source "lmi"]
[SourceDate "2024.02.01"]
[SourceVersion "1"]
[SourceVersionDate "2024.02.25"]
[SourceQuality "1"]

1. d4 c5 2. d5 Nf6 3. Nc3 d6 4. e4 e6 5. Nf3 Be7 6. Bb5+ Nbd7 7. dxe6 fxe6 8.
Ng5 Qa5 9. Bd2 Qb6 10. Nxe6 Kf7 11. Nf4 Ne5 12. a4 c4 13. Nfd5 Nxd5 14. Nxd5
Qd4 15. f3 a6 16. Nxe7 axb5 17. Nd5 Qxb2 18. Bc3 Qxa1 19. Bxa1 bxa4 20. Nb6 Ra6
21. Nxc8 Rxc8 22. Bxe5 a3 23. Qd5+ Ke8 24. Qe6+ Kd8 25. Bxd6 Rc7 26. Bxc7+ Kxc7
27. Qxc4+ Kb8 28. Ke2 a2 29. Ra1 1-0

[Event "Madrid 2023-2024ch - Previa B"]
[Site "Madrid ESP"]
[Date "2024.02.01"]
[Round "1.6"]
[White "Becerra Baigorri, Jose"]
[Black "Condezo Abderrahim, Ibrahim"]
[Result "0-1"]
[WhiteElo "1447"]
[BlackElo "1818"]
[PlyCount "98"]
[EventDate "2024.02.01"]
[EventType "swiss"]
[EventRounds "9"]
[EventCountry "ESP"]
[SourceTitle "Ajedrez en Madrid"]
[Source "lmi"]
[SourceDate "2024.02.01"]
[SourceVersion "1"]
[SourceVersionDate "2024.02.25"]
[SourceQuality "1"]

1. e4 c5 2. Nf3 d6 3. d4 cxd4 4. Nxd4 Nf6 5. Nc3 a6 6. Bd3 e5 7. Nf3 Be7 8. h3
O-O 9. Be3 b5 10. O-O Bb7 11. a3 h6 12. Re1 Nbd7 13. Qd2 Qc7 14. Re2 Rad8 15.
Rae1 Nc5 16. Nd5 Bxd5 17. Bxc5 Qxc5 18. exd5 Qxd5 19. Nxe5 dxe5 20. Rxe5 Qd4
21. Rxe7 Qxb2 22. Qb4 Qxb4 23. axb4 Nd5 24. R7e4 Nc3 25. Re7 Nd5 26. R7e4 g6
27. Ra1 Rd6 28. Rd4 Rfd8 29. Ra3 Kg7 30. g3 f5 31. Be2 Nc3 32. Rxd6 Nxe2+ 33.
Kf1 Nxg3+ 34. fxg3 Rxd6 35. Rd3 Re6 36. Kf2 Kf6 37. c3 g5 38. Rd8 Rc6 39. Rd3
f4 40. gxf4 gxf4 41. Kf3 Ke5 42. Ke2 Rg6 43. Kf2 Rg3 44. Rxg3 fxg3+ 45. Kxg3
Ke4 46. Kg4 Kd3 47. Kh5 Kxc3 48. Kxh6 Kxb4 49. h4 a5 0-1

[Event "Madrid 2023-2024ch - Previa B"]
[Site "Madrid ESP"]
[Date "2024.02.01"]
[Round "1.7"]
[White "Lozano Argueso, Cesar"]
[Black "Menendez Domens, Juan Manuel"]
[Result "1-0"]
[WhiteElo "1808"]
[BlackElo "1443"]
[PlyCount "83"]
[EventDate "2024.02.01"]
[EventType "swiss"]
[EventRounds "9"]
[EventCountry "ESP"]
[SourceTitle "Ajedrez en Madrid"]
[Source "lmi"]
[SourceDate "2024.02.01"]
[SourceVersion "1"]
[SourceVersionDate "2024.02.25"]
[SourceQuality "1"]

1. e4 e5 2. Bc4 Nf6 3. Nc3 Bc5 4. d3 O-O 5. f4 d6 6. Nf3 Nc6 7. h3 exf4 8. Bxf4
Be6 9. Bb3 Bxb3 10. axb3 Re8 11. Bg5 h6 12. Bh4 d5 13. Bxf6 Qxf6 14. Nxd5 Qd6
15. Kf1 Qg3 16. Qe1 Bd6 17. Qxg3 Bxg3 18. b4 Ne7 19. Nc3 c6 20. Ne2 Bd6 21. c3
Ng6 22. g3 a6 23. Kf2 c5 24. bxc5 Bxc5+ 25. d4 Bb6 26. Nd2 Ne5 27. Kg2 Ng6 28.
Nf4 Rad8 29. Nxg6 fxg6 30. Rae1 Re7 31. e5 Bc7 32. Nf3 b5 33. Rd1 a5 34. Rhe1
Kf7 35. d5 Bb6 36. d6 Re6 37. Rd5 b4 38. cxb4 axb4 39. Rb5 Rdxd6 40. exd6 Rxd6
41. Ne5+ Kg8 42. Nc4 1-0

[Event "Madrid 2023-2024ch - Previa B"]
[Site "Madrid ESP"]
[Date "2024.02.01"]
[Round "1.8"]
[White "Moreno Sabroso, Ruben"]
[Black "Baeza Escudero, Javier"]
[Result "0-1"]
[WhiteElo "1417"]
[BlackElo "1802"]
[PlyCount "100"]
[EventDate "2024.02.01"]
[EventType "swiss"]
[EventRounds "9"]
[EventCountry "ESP"]
[SourceTitle "Ajedrez en Madrid"]
[Source "lmi"]
[SourceDate "2024.02.01"]
[SourceVersion "1"]
[SourceVersionDate "2024.02.25"]
[SourceQuality "1"]

1. c4 Nf6 2. g3 e5 3. Bg2 Nc6 4. Nc3 g6 5. d3 Bg7 6. e4 O-O 7. Nge2 d6 8. O-O
Nh5 9. f4 f5 10. exf5 gxf5 11. Rb1 Nf6 12. b4 Ne7 13. Kh1 c6 14. b5 Bd7 15. a4
Rc8 16. Ng1 Ng6 17. Nh3 Ng4 18. Qb3 Kh8 19. Ne2 Qf6 20. Bd2 Rce8 21. bxc6 Bxc6
22. Bxc6 bxc6 23. Qb7 e4 24. Bc3 Qe7 25. Bxg7+ Kxg7 26. Qxc6 exd3 27. Rb7 dxe2
28. Rxe7+ Nxe7 29. Qf3 exf1=Q+ 30. Qxf1 h6 31. Qa1+ Kh7 32. Qd4 Nc8 33. Ng1 Nf6
34. Nf3 Re4 35. Qc3 Nd7 36. Nd4 Ne7 37. Nb5 Nc8 38. Nc7 Ndb6 39. c5 Nxa4 40.
Qb3 Nxc5 41. Qd5 Kg6 42. Nb5 a5 43. Nxd6 Nxd6 44. Qxd6+ Ne6 45. Qa3 Rd8 46.
Qxa5 Re2 47. Qa4 Rb2 48. Kg1 Rc8 49. Qd1 Nd4 50. Qa1 Rc1+ 0-1

[Event "Madrid 2023-2024ch - Previa B"]
[Site "Madrid ESP"]
[Date "2024.02.01"]
[Round "1.9"]
[White "Alonso Anton, Carlos"]
[Black "Fernandez Berdasco, Manuel"]
[Result "1-0"]
[WhiteElo "1776"]
[BlackElo "1414"]
[PlyCount "63"]
[EventDate "2024.02.01"]
[EventType "swiss"]
[EventRounds "9"]
[EventCountry "ESP"]
[SourceTitle "Ajedrez en Madrid"]
[Source "lmi"]
[SourceDate "2024.02.01"]
[SourceVersion "1"]
[SourceVersionDate "2024.02.25"]
[SourceQuality "1"]

1. d4 d5 2. Nf3 Nf6 3. e3 e6 4. Bd3 c5 5. b3 cxd4 6. exd4 Nc6 7. O-O Be7 8. Bb2
O-O 9. Nbd2 Qc7 10. a3 Bd6 11. c4 dxc4 12. bxc4 b6 13. Ne4 Nxe4 14. Bxe4 f5 15.
Bxc6 Qxc6 16. Qb3 Bc7 17. d5 exd5 18. cxd5 Qe8 19. d6+ Be6 20. Qc3 Rf7 21. dxc7
Rc8 22. Ng5 Rfxc7 23. Qe5 Bb3 24. Qxf5 Bc2 25. Qe6+ Qxe6 26. Nxe6 Re7 27. Nd4
Ba4 28. Rfe1 Rd7 29. h3 Rcd8 30. Re4 b5 31. Rae1 Kf7 32. Nc6 1-0

[Event "Madrid 2023-2024ch - Previa B"]
[Site "Madrid ESP"]
[Date "2024.02.01"]
[Round "1.10"]
[White "Senador-Gomez Jaen, Julio"]
[Black "Marin Lopez, Juan Jose"]
[Result "1/2-1/2"]
[WhiteElo "1408"]
[BlackElo "1775"]
[PlyCount "108"]
[EventDate "2024.02.01"]
[EventType "swiss"]
[EventRounds "9"]
[EventCountry "ESP"]
[SourceTitle "Ajedrez en Madrid"]
[Source "lmi"]
[SourceDate "2024.02.01"]
[SourceVersion "1"]
[SourceVersionDate "2024.02.25"]
[SourceQuality "1"]

1. Nf3 f5 2. g3 Nf6 3. Bg2 d6 4. d4 g6 5. Bf4 Bg7 6. O-O O-O 7. c3 e6 8. Nbd2
h6 9. h4 Ng4 10. Nc4 Qe7 11. Qb3 Kh8 12. Nh2 Nxh2 13. Kxh2 Nd7 14. Qb4 Nf6 15.
e4 fxe4 16. Rfe1 Nd5 17. Ne5 Nxf4 18. Rxe4 c5 19. Rxf4 dxe5 20. Rxf8+ Bxf8 21.
dxc5 Qxc5 22. Qe4 Qe7 23. Qxg6 Qg7 24. Qe4 Rb8 25. Rd1 Bd7 26. Rxd7 Qxd7 27.
Qxe5+ Qg7 28. Qxb8 b6 29. Qf4 a5 30. Qe3 Bc5 31. Qxe6 Bxf2 32. Qc8+ Qg8 33.
Qxg8+ Kxg8 34. Kh3 Be1 35. g4 Bd2 36. a3 Bc1 37. b4 Bxa3 38. bxa5 bxa5 39. g5
Kg7 40. Kg4 hxg5 41. hxg5 Bb2 42. c4 a4 43. c5 Be5 44. Kf5 Bc7 45. Bd5 Bh2 46.
g6 Bg1 47. c6 Bh2 48. Be4 a3 49. Bb1 Bc7 50. Kg5 Bd8+ 51. Kf5 Bc7 52. Ke6 a2
53. Bxa2 Kxg6 54. Kd7 Bf4 1/2-1/2

[Event "Madrid 2023-2024ch - Previa B"]
[Site "Madrid ESP"]
[Date "2024.02.01"]
[Round "1.12"]
[White "Quiroga Andres, Carlos"]
[Black "Martin Hernandez, Vicente"]
[Result "1/2-1/2"]
[WhiteElo "1373"]
[BlackElo "1748"]
[PlyCount "55"]
[EventDate "2024.02.01"]
[EventType "swiss"]
[EventRounds "9"]
[EventCountry "ESP"]
[SourceTitle "Ajedrez en Madrid"]
[Source "lmi"]
[SourceDate "2024.02.01"]
[SourceVersion "1"]
[SourceVersionDate "2024.02.25"]
[SourceQuality "1"]

1. Nf3 d5 2. d4 Nf6 3. e3 Bg4 4. h3 Bh5 5. g4 Bg6 6. Ne5 Nbd7 7. Nxg6 hxg6 8.
Bg2 e6 9. Nd2 Bd6 10. b3 Qe7 11. Bb2 O-O-O 12. Qe2 e5 13. O-O-O exd4 14. Bxd4
Ba3+ 15. Bb2 c6 16. Rhe1 a5 17. Nb1 Bb4 18. Nd2 a4 19. c3 Qc5 20. Qd3 Ne5 21.
Qc2 Ba3 22. b4 Bxb2+ 23. Kxb2 Qb5 24. Bf1 Nc4+ 25. Nxc4 dxc4 26. Rd4 Rxd4 27.
exd4 Nd5 28. Re5 1/2-1/2

[Event "Madrid 2023-2024ch - Previa B"]
[Site "Madrid ESP"]
[Date "2024.02.01"]
[Round "1.13"]
[White "Mansor Habash, Zouheir"]
[Black "Veiga Macias, Rodrigo"]
[Result "1-0"]
[WhiteElo "1731"]
[BlackElo "1339"]
[PlyCount "75"]
[EventDate "2024.02.01"]
[EventType "swiss"]
[EventRounds "9"]
[EventCountry "ESP"]
[SourceTitle "Ajedrez en Madrid"]
[Source "lmi"]
[SourceDate "2024.02.01"]
[SourceVersion "1"]
[SourceVersionDate "2024.02.25"]
[SourceQuality "1"]

1. e4 c5 2. Nf3 d6 3. d4 cxd4 4. Nxd4 Nf6 5. Nc3 a6 6. Bc4 e6 7. Bb3 b5 8. Qf3
Qc7 9. Bg5 Be7 10. e5 Bb7 11. exd6 Bxd6 12. Qe3 Bc8 13. O-O-O h6 14. Ndxb5 axb5
15. Nxb5 Qc6 16. Nxd6+ Kf8 17. Bxf6 gxf6 18. Nxc8 Qxc8 19. Rd3 Na6 20. Rhd1 Kg7
21. Qg3+ Kh7 22. Rd7 Rf8 23. Bxe6 Qe8 24. Bf5+ Kh8 25. Qh4 Kg7 26. R7d3 Rh8 27.
Qg3+ Kf8 28. Qd6+ Qe7 29. Qxe7+ Kxe7 30. Rd7+ Ke8 31. Re1+ Kf8 32. Ree7 Nc5 33.
Rxf7+ Ke8 34. Bg6 Nxd7 35. Rh7+ Kf8 36. Rxh8+ Kg7 37. Rxa8 Kxg6 38. a4 1-0

[Event "Madrid 2023-2024ch - Previa B"]
[Site "Madrid ESP"]
[Date "2024.02.01"]
[Round "1.14"]
[White "Quiros Florea, Rafael-Santiago"]
[Black "Zhao, Yuyang"]
[Result "0-1"]
[WhiteElo "1266"]
[BlackElo "1703"]
[PlyCount "64"]
[EventDate "2024.02.01"]
[EventType "swiss"]
[EventRounds "9"]
[EventCountry "ESP"]
[SourceTitle "Ajedrez en Madrid"]
[Source "lmi"]
[SourceDate "2024.02.01"]
[SourceVersion "1"]
[SourceVersionDate "2024.02.25"]
[SourceQuality "1"]

1. d4 d5 2. c4 e6 3. Nc3 Nf6 4. cxd5 exd5 5. Bg5 Be7 6. Qc2 O-O 7. e3 c6 8. Bd3
Nbd7 9. Nge2 Re8 10. O-O h6 11. Bh4 Ne4 12. Bxe7 Qxe7 13. Bxe4 dxe4 14. Ng3 Nf6
15. Rfd1 h5 16. h3 h4 17. Nge2 Bf5 18. d5 Rac8 19. Qb3 c5 20. Rd2 b6 21. Nb5
Rcd8 22. Rad1 Qd7 23. Na3 Bxh3 24. gxh3 Qxh3 25. Nf4 Qf3 26. Nc2 g5 27. Ne2 Re5
28. Ne1 Qh3 29. f4 exf3 30. Qc3 f2+ 31. Kxf2 Rf5+ 32. Kg1 Rf1# 0-1

[Event "Madrid 2023-2024ch - Previa B"]
[Site "Madrid ESP"]
[Date "2024.02.01"]
[Round "1.15"]
[White "Godoy Herrera, Carlos"]
[Black "Bonte Blazquez, Antonio"]
[Result "1-0"]
[WhiteElo "1701"]
[BlackElo "1237"]
[PlyCount "59"]
[EventDate "2024.02.01"]
[EventType "swiss"]
[EventRounds "9"]
[EventCountry "ESP"]
[SourceTitle "Ajedrez en Madrid"]
[Source "lmi"]
[SourceDate "2024.02.01"]
[SourceVersion "1"]
[SourceVersionDate "2024.02.25"]
[SourceQuality "1"]

1. d4 Nf6 2. Bf4 e6 3. e3 d5 4. Nf3 Bd6 5. Ne5 O-O 6. Bd3 b6 7. Nd2 Ba6 8. Bxa6
Nxa6 9. Qe2 Nb4 10. Ndf3 Qe8 11. a3 Nc6 12. Rc1 Ne4 13. Nxc6 Qxc6 14. Ne5 Qa4
15. h4 f6 16. Nd3 Bxf4 17. Nxf4 Qa5+ 18. c3 Rfe8 19. Qg4 f5 20. Qe2 e5 21. dxe5
Rxe5 22. O-O g6 23. Rfd1 c6 24. Rd4 Rd8 25. c4 Qa6 26. Qc2 Nf6 27. cxd5 cxd5
28. Qc6 Kf7 29. Qc7+ Rd7 30. Qxe5 1-0

[Event "Madrid 2023-2024ch - Previa B"]
[Site "Madrid ESP"]
[Date "2024.02.01"]
[Round "1.16"]
[White "Duran Rodriguez, Adriana"]
[Black "Hurtado Garrido, Reyes"]
[Result "0-1"]
[WhiteElo "1230"]
[BlackElo "1697"]
[PlyCount "70"]
[EventDate "2024.02.01"]
[EventType "swiss"]
[EventRounds "9"]
[EventCountry "ESP"]
[SourceTitle "Ajedrez en Madrid"]
[Source "lmi"]
[SourceDate "2024.02.01"]
[SourceVersion "1"]
[SourceVersionDate "2024.02.25"]
[SourceQuality "1"]

1. e4 e6 2. d4 d5 3. e5 c5 4. c3 Qb6 5. Nf3 Nc6 6. Qa4 Bd7 7. Bb5 a6 8. Bxc6
bxc6 9. O-O cxd4 10. cxd4 c5 11. Qd1 c4 12. b3 cxb3 13. axb3 Rb8 14. Ba3 Bxa3
15. Rxa3 Ne7 16. Nbd2 Nf5 17. Qa1 Bb5 18. Rc1 O-O 19. b4 h5 20. g3 Rfc8 21.
Rxc8+ Rxc8 22. Rc3 Rc6 23. Rxc6 Qxc6 24. Nb3 Qc4 25. Nfd2 Qxb4 26. f4 Ne3 27.
h3 Bc4 28. Nxc4 dxc4 29. Nc5 Qd2 30. Qf1 Nxf1 31. Kxf1 Qxd4 32. Nxa6 c3 33. Ke2
c2 34. f5 c1=Q 35. fxe6 Qde3# 0-1

[Event "Madrid 2023-2024ch - Previa B"]
[Site "Madrid ESP"]
[Date "2024.02.01"]
[Round "1.17"]
[White "San Vicente Crespo, Pablo"]
[Black "Garcia Martin, Marco"]
[Result "1-0"]
[WhiteElo "1676"]
[BlackElo "1203"]
[PlyCount "65"]
[EventDate "2024.02.01"]
[EventType "swiss"]
[EventRounds "9"]
[EventCountry "ESP"]
[SourceTitle "Ajedrez en Madrid"]
[Source "lmi"]
[SourceDate "2024.02.01"]
[SourceVersion "1"]
[SourceVersionDate "2024.02.25"]
[SourceQuality "1"]

1. e4 e5 2. Nf3 Nc6 3. Bc4 Bc5 4. d3 a6 5. Nc3 Nf6 6. Bg5 h6 7. Bxf6 Qxf6 8.
Nd5 Qd8 9. c3 Ba7 10. d4 d6 11. h3 Be6 12. a4 Na5 13. Ba2 Nc6 14. Qd2 exd4 15.
cxd4 Bxd5 16. Bxd5 Qf6 17. Bxc6+ bxc6 18. O-O O-O 19. Rac1 c5 20. dxc5 dxc5 21.
Rfd1 Rab8 22. e5 Qb6 23. Rc2 Rfd8 24. Qxd8+ Rxd8 25. Rxd8+ Kh7 26. Rcd2 f6 27.
a5 Qxa5 28. e6 Qa1+ 29. Rd1 Qxb2 30. e7 c4 31. e8=Q Qxf2+ 32. Kh1 c3 33. Qe4+
1-0

[Event "Madrid 2023-2024ch - Previa B"]
[Site "Madrid ESP"]
[Date "2024.02.01"]
[Round "1.18"]
[White "Neill Rodriguez, John"]
[Black "Marcos Medina, Alejandro"]
[Result "1/2-1/2"]
[WhiteElo "1180"]
[BlackElo "1642"]
[PlyCount "88"]
[EventDate "2024.02.01"]
[EventType "swiss"]
[EventRounds "9"]
[EventCountry "ESP"]
[SourceTitle "Ajedrez en Madrid"]
[Source "lmi"]
[SourceDate "2024.02.01"]
[SourceVersion "1"]
[SourceVersionDate "2024.02.25"]
[SourceQuality "1"]

1. d4 Nf6 2. c4 e6 3. Nf3 d5 4. e3 Be7 5. cxd5 exd5 6. g3 b6 7. Bg2 O-O 8. O-O
Bb7 9. Qc2 c5 10. Re1 Nbd7 11. Bd2 Ne4 12. Nc3 Ndf6 13. Ne5 Rc8 14. Bh3 Rb8 15.
Nxe4 dxe4 16. Rad1 Qc7 17. b4 Bd6 18. Qb2 Bc8 19. Bxc8 Rfxc8 20. Rc1 Bxe5 21.
dxe5 Ng4 22. Bc3 Re8 23. Qb1 Qc6 24. Red1 Nxe5 25. Bxe5 Rxe5 26. bxc5 b5 27.
Rd6 Qc7 28. Qb4 a5 29. Qd4 Rbe8 30. c6 R5e7 31. Rd7 Rxd7 32. Qxd7 Rc8 33. Rd1
g6 34. Qxc7 Rxc7 35. Rc1 b4 36. Rc5 f5 37. Kg2 Kf7 38. g4 Kf6 39. gxf5 gxf5 40.
h3 Ke6 41. Kg3 a4 42. Kf4 Kd6 43. Rc4 Rxc6 44. Rxb4 Rc2 1/2-1/2

[Event "Madrid 2023-2024ch - Previa B"]
[Site "Madrid ESP"]
[Date "2024.02.02"]
[Round "2.1"]
[White "Hurtado Garrido, Reyes"]
[Black "Pajuelo Morales, Raul"]
[Result "0-1"]
[WhiteElo "1697"]
[BlackElo "1879"]
[PlyCount "34"]
[EventDate "2024.02.01"]
[EventType "swiss"]
[EventRounds "9"]
[EventCountry "ESP"]
[SourceTitle "Ajedrez en Madrid"]
[Source "lmi"]
[SourceDate "2024.02.01"]
[SourceVersion "1"]
[SourceVersionDate "2024.02.25"]
[SourceQuality "1"]

1. d4 Nf6 2. c4 g6 3. Nc3 d5 4. e3 Bg7 5. Nf3 O-O 6. Be2 c5 7. O-O cxd4 8. exd4
Nc6 9. Be3 Bf5 10. Ne5 dxc4 11. Bxc4 Nxe5 12. dxe5 Ng4 13. Qxd8 Rfxd8 14. Bg5
Nxe5 15. Bd5 Rd7 16. Rfe1 h6 17. Bf4 Nd3 0-1

[Event "Madrid 2023-2024ch - Previa B"]
[Site "Madrid ESP"]
[Date "2024.02.02"]
[Round "2.2"]
[White "Arce Balluerca, Oscar"]
[Black "San Vicente Crespo, Pablo"]
[Result "1-0"]
[WhiteElo "1870"]
[BlackElo "1676"]
[PlyCount "77"]
[EventDate "2024.02.01"]
[EventType "swiss"]
[EventRounds "9"]
[EventCountry "ESP"]
[SourceTitle "Ajedrez en Madrid"]
[Source "lmi"]
[SourceDate "2024.02.01"]
[SourceVersion "1"]
[SourceVersionDate "2024.02.25"]
[SourceQuality "1"]

1. e4 c5 2. c3 d5 3. exd5 Qxd5 4. d4 g6 5. Nf3 Bg7 6. Be3 Nh6 7. Be2 Nf5 8. O-O
O-O 9. Na3 Nc6 10. Bc4 Qd8 11. dxc5 Qa5 12. Nb5 a6 13. b4 Qd8 14. Nbd4 Nfxd4
15. Nxd4 Ne5 16. Bb3 Ng4 17. h3 Nxe3 18. fxe3 Qc7 19. Qf3 e5 20. Ne2 a5 21.
Rad1 Be6 22. Bxe6 fxe6 23. Qg4 Rxf1+ 24. Rxf1 Qe7 25. Qc4 Bh6 26. Rf3 Rd8 27.
Ng3 Rd1+ 28. Kh2 Rc1 29. Qd3 g5 30. Ne4 g4 31. Nf6+ Kh8 32. Nxg4 e4 33. Qxe4
Qc7+ 34. g3 Qd8 35. Rf2 Bg7 36. Qxe6 h5 37. Nh6 Kh7 38. Nf7 Qg8 39. Qf5# 1-0

[Event "Madrid 2023-2024ch - Previa B"]
[Site "Madrid ESP"]
[Date "2024.02.02"]
[Round "2.3"]
[White "Bocancea, Cristian Andrei"]
[Black "Palomo Monserrat, Lorenzo"]
[Result "1/2-1/2"]
[WhiteElo "1549"]
[BlackElo "1867"]
[PlyCount "55"]
[EventDate "2024.02.01"]
[EventType "swiss"]
[EventRounds "9"]
[EventCountry "ESP"]
[SourceTitle "Ajedrez en Madrid"]
[Source "lmi"]
[SourceDate "2024.02.01"]
[SourceVersion "1"]
[SourceVersionDate "2024.02.25"]
[SourceQuality "1"]

1. d4 d5 2. c4 dxc4 3. e3 Nf6 4. Bxc4 e6 5. Nf3 c5 6. O-O a6 7. dxc5 Bxc5 8.
Qxd8+ Kxd8 9. b3 Ke7 10. Nbd2 Nbd7 11. Bb2 b6 12. Rfd1 Bb7 13. Be2 Rac8 14. a3
Bd5 15. Bxa6 Rc7 16. Bc4 Bxc4 17. Nxc4 b5 18. Nce5 Nb6 19. Rac1 Rhc8 20. Bd4
Nbd5 21. b4 Bd6 22. Nd3 Nc3 23. Bxc3 Rxc3 24. Rxc3 Rxc3 25. Nd4 Rxa3 26. Nxb5
Ra6 27. Nc5 Bxc5 28. bxc5 1/2-1/2

[Event "Madrid 2023-2024ch - Previa B"]
[Site "Madrid ESP"]
[Date "2024.02.02"]
[Round "2.4"]
[White "Condezo Abderrahim, Ibrahim"]
[Black "De Fuenmayor Fernandez de la , Carlos Pablo"]
[Result "1-0"]
[WhiteElo "1818"]
[BlackElo "1532"]
[PlyCount "57"]
[EventDate "2024.02.01"]
[EventType "swiss"]
[EventRounds "9"]
[EventCountry "ESP"]
[SourceTitle "Ajedrez en Madrid"]
[Source "lmi"]
[SourceDate "2024.02.01"]
[SourceVersion "1"]
[SourceVersionDate "2024.02.25"]
[SourceQuality "1"]

1. e4 e5 2. Nf3 Nc6 3. Bc4 Bc5 4. c3 Nf6 5. d4 exd4 6. e5 d5 7. Bb5 Ne4 8. cxd4
Bb6 9. Be3 Bg4 10. Nc3 O-O 11. Bxc6 bxc6 12. Qc2 Ba5 13. Nd2 Nxd2 14. Bxd2 c5
15. Qa4 cxd4 16. Qxd4 Bxc3 17. Bxc3 Be6 18. O-O Qg5 19. f4 Qf5 20. Rae1 Rfc8
21. Qc5 Qd3 22. b3 Rab8 23. Rf3 Qc2 24. b4 c6 25. a4 Bf5 26. Rg3 Qxa4 27. e6
Bxe6 28. Rxg7+ Kh8 29. Rg4+ 1-0